Subjetividad y Cultura No. 5 · octubre 1995 /

Subjetividad y Cultura, revista mexicana de psicología, cuyo título busca expresar la relación sujeto-sociedad como centro de la praxis profesional del campo y eje de los problemas disciplinarios específicos. El número 5 (octubre de 1995) está formado por las siguientes secciones y colaboraciones: I...

Πλήρης περιγραφή

Αποθηκεύτηκε σε:
Λεπτομέρειες βιβλιογραφικής εγγραφής
Άλλοι συγγραφείς: Campuzano, Mario (dirección) (dirección), Guinsberg, Enrique (dirección) (dirección), Matrajt, Miguel (dirección) (dirección)
Μορφή: Βιβλίο
Γλώσσα:Ισπανικά
Έκδοση: México : Plaza y Janés, 1995
Σειρά:(Subjetividad y Cultura ; 5)
Θέματα:
Ετικέτες: Προσθήκη ετικέτας
Δεν υπάρχουν, Καταχωρήστε ετικέτα πρώτοι!

MARC

LEADER 00000nam^a2200000^a^4500
001 000630262
005 20260410000000.0
009 20260410195519.089
020 |a 968-856-440-0 
037 |a Acervo ITESO - Biblioteca 
041 |a ESP 
082 |a 150. 5  |b SUB V. 5 
240 1 0 |a [Subjetividad y Cultura] 
245 0 0 |a Subjetividad y Cultura No. 5 · octubre 1995 /  |c Dir. de M. Campuzano, E. Guinsberg. M. Matrajt. 
264 1 |a México :  |b Plaza y Janés,  |c 1995 
300 |a 120 p. 
336 |a texto  |b txt  |2 rdacontenido 
337 |a sin mediación  |b n  |2 rdamedio 
338 |a volumen  |b nc  |2 rdasoporte 
440 1 |a (Subjetividad y Cultura ;  |v 5) 
520 |a Subjetividad y Cultura, revista mexicana de psicología, cuyo título busca expresar la relación sujeto-sociedad como centro de la praxis profesional del campo y eje de los problemas disciplinarios específicos. El número 5 (octubre de 1995) está formado por las siguientes secciones y colaboraciones: I) Este número. II) Textos: 1) La interpretación de significaciones y el campo grupal, por Ana María Fernández; 2) Familia y tele en la estructuración del sujeto y su realidad, por Enrique Guinsberg, codirector de la revista; 3) El grupo como lugar de elaboración durante un conflicto social: el caso Chiapas, por Elvia Taracena, Patricia Basurto, Mario Díaz, Sofía Saad y Juan Salinas; 4) Parejas, por Miguel Matrajt Karsemboin, codirector de la publicación; 5) La soledad, un problema de nuestro tiempo, por Laura Achard Arrosa y Jorge Galeano Massera y 6) El proceso terapéutico en el psicoanálisis y el análisis grupal, por Reyna Hernández de Tubert. 
520 |a IV) Bibliográficas: 7) "Lacan, esbozo de una vida, historia de un sistema de pensamiento", de Elisabeth Roudinesco, por Miguel Angel Zarco Neri; 8) "Desgaste mental trabalho dominado", de Edith Seligmann-Silva, por M. Matrajt Karsemboin; 9) Libro polémico: "Cómo cura el análisis", de Heinz Kohut, por Antonio Santamaría Fernández, Julio Casillas Ledesma, Salvador Rocha Pineda e Isabel Díaz Portillo; 10) Guía bibliográfica sobre psicoanálisis grupal y 11) Publicaciones recibidas. V) Noticias y comentarios: 12) VI Congreso Nacional de la AMPAG (Asociación Mexicana de Psicoterapia Analítica de Grupo), por Mario Campuzano Montoya, codirector de la revista; 13) Sobre los "raves" y el "éxtasis" para los "fresas"; 14) Redes sobre salud mental y trabajo; 15) Mesas redondas El psicoanálisis a fines del milenio; 16) ¿El retorno de la moral victoriana?; 17) Anaïs Nin del diván a la cama o El encanto psicoanalítico, por Guillermo Delahanty Matuk; 18) ¿La cábala en Freud?, por Jeanette Gorn Kacman; 19) Patologías de fin de milenio; 20) Encubrir o develar: una polaridad permanente, por Diana Kordon; 21) Salud mental en la actual Nicaragua; 22) VI Encuentro en La Habana y 23) Correspondencia, enviada por Miguel Matrajt Karsemboin. 
567 |a Catalogación rápida 
649 |a XX 
650 |a Subjetividad (Psicología) -  |x Aspectos Sociales y Culturales -  |x Publicaciones Periódicas 
650 |a Psicología -  |x Publicaciones Periódicas -  |x Tema Principal 
650 |a Publicaciones Periódicas Mexicanas 
650 |a Publicaciones Periódicas 
700 |a Campuzano, Mario  |e (dirección) 
700 |a Guinsberg, Enrique  |e (dirección) 
700 |a Matrajt, Miguel  |e (dirección) 
910 |a Fondo Castillo-Martínez 
920 |a Impresos - Libros 
930 |a Fondos Especiales 
905 |a 127 
901 |a 630262-10  |b IT2  |c ESP  |i D128952  |u 20260410 
902 |a https://opac.biblio.iteso.mx/vufind/Record/000630262